000 00392nam a2200109Ia 4500
008 160909s9999 xx 000 0 und d
100 _aKaur, Subhpreet
245 _aAdditive manufacturing of upper and lower prosthetic limbs
260 _bCalifornia State University, Long Beach.
_c2016
650 _aInformation Technology
856 _uhttp://pqdtopen.proquest.com/doc/1776157933.html?FMT=ABS
999 _c303806
_d303806